| 000 | 00801nam a2200217 a 4500 | ||
|---|---|---|---|
| 005 | 20230525063539.0 | ||
| 008 | 991125s1974 mx 000 0 spa u | ||
| 035 | _aUPN01000007860 | ||
| 049 | _aLTG | ||
| 050 | 4 |
_aLB1585 _bM6.1 1974 |
|
| 245 | 0 | 0 |
_aCiencias naturales : _bprimer grado / _cLázaro Blanco ... [et al.]. |
| 250 | _a3a ed. rev. y correg. | ||
| 260 |
_aMéxico : _bSEP, Comisión Nacional de los Libros de Texto Gratuitos, _c1974. |
||
| 300 |
_a79 p. : _bil. col. |
||
| 501 | _aCon: Ciencias naturales : primer grado : auxiliar didáctico | ||
| 500 | _aLibro de texto gratuito | ||
| 650 | 4 |
_aCiencias naturales _xEstudio y enseñanza (Elemental) _92812 |
|
| 700 | 1 |
_aBlanco, Lázaro, _ecoaut. _931632 |
|
| 740 | 0 | _aCiencias naturales : primer grado : auxiliar didáctico | |
| 905 | _aLibro | ||
| 999 |
_c7860 _d7860 |
||